| Tag |
First Indicator |
Second Indicator |
Subfields |
| LEADER |
00000cam a2200000 a 4500 |
| 001 |
in00000099692 |
| 005 |
20150924160343.0 |
| 008 |
820618s1981 enk b 00110 eng |
| 010 |
|
|
|a 81164997
|
| 015 |
|
|
|a GB***
|
| 020 |
|
|
|a 0856643688 (Croom Helm)
|
| 020 |
|
|
|a 0389202096 (Barnes & Noble)
|
| 035 |
|
|
|a (OCoLC)07710425
|
| 035 |
|
|
|9 AAL0310AM
|
| 040 |
|
|
|a DLC
|c DLC
|d TXA
|d UtOrBLW
|
| 049 |
|
|
|a TXAM
|c [1482316]
|
| 050 |
0 |
0 |
|a PR5888
|b .R43 1981
|
| 082 |
0 |
|
|a 821/.7
|2 19
|
| 100 |
1 |
|
|a Rehder, Robert.
|
| 245 |
1 |
0 |
|a Wordsworth and the beginnings of modern poetry /
|c Robert Rehder.
|
| 264 |
|
1 |
|a London :
|b Croom Helm ;
|a Totowa, N.J. :
|b Barnes & Noble,
|c 1981.
|
| 300 |
|
|
|a 245 pages ;
|c 22 cm.
|
| 336 |
|
|
|a text
|b txt
|2 rdacontent
|
| 337 |
|
|
|a unmediated
|b n
|2 rdamedia
|
| 338 |
|
|
|a volume
|b nc
|2 rdacarrier
|
| 504 |
|
|
|a Includes bibliographical references and index.
|
| 600 |
1 |
0 |
|a Wordsworth, William,
|d 1770-1850
|x Criticism and interpretation.
|
| 650 |
|
0 |
|a Self-consciousness (Awareness) in literature.
|
| 650 |
|
0 |
|a Self in literature.
|
| 650 |
|
0 |
|a Poetry, Modern
|x History and criticism.
|
| 999 |
|
|
|a MARS
|
| 999 |
f |
f |
|s a7ade9c3-746f-3dd5-9c2d-ba16b8c2c24d
|i 9edeb0d8-4e3c-3d3e-b73a-ec41e359123b
|t 0
|
| 952 |
f |
f |
|p normal
|a Texas A&M University
|b College Station
|c Sterling C. Evans Library
|d Evans: Library Stacks
|t 0
|e PR5888 .R43 1981
|h Library of Congress classification
|i unmediated -- volume
|m A14806045178
|
| 998 |
f |
f |
|a PR5888 .R43 1981
|t 0
|l Evans: Library Stacks
|